| 000 | 01004nam a2200277 a 4500 | ||
|---|---|---|---|
| 005 | 20240830173445.0 | ||
| 008 | 100708t1992||||ag f |||| 001 0 spa d | ||
| 020 | _a9505051321 | ||
| 041 | _aspa | ||
| 092 |
_c610.7 _l4 _sARR |
||
| 100 | 1 |
_aArribalzaga, Eduardo B. _92434 |
|
| 245 | 1 |
_aEl artículo científico en cirugía. _bComo escribirlo / _cEduardo B. Arribalzaga |
|
| 250 | _a1a ed. | ||
| 260 |
_aBuenos Aires: _bLibreros Lopéz Editores; _c1992. |
||
| 300 | _a80 p. | ||
| 500 | _aArribalzaga, E. y Jacovella, P. (1992). El artículo científico en cirugía. Como escribirlo. (1a ed.). Buenos Aires : Libreros López Editores. | ||
| 653 | _aEl artículo científico | ||
| 653 | _aEncabezamiento del artículo científico | ||
| 653 | _aRedacción del artículo científico | ||
| 653 | _aOtras informaciones | ||
| 653 | _aEl borrador | ||
| 653 | _aEnvío de la versión final | ||
| 653 | _aÉtica del artículo científico | ||
| 700 | 1 |
_aJacovella, Patricio F. _92435 |
|
| 942 |
_2ddc _cBK |
||
| 999 |
_c3196 _d3196 |
||